000 00300nam a2200145Ia 4500
100 _aBrown/T.D
942 _cBK
654 _aC
245 _aC for Basic programmers
260 _bTata Mc Graw hill
_aNew Delhi
_c1988
082 _a1.6424
_bBRO
300 _a205
546 _aENGLISH
999 _c28315
_d28315